| 000 | | | 03736nac2a22002651x 450 |
| 001 | | | fdf20f95-9d97-464e-81e7-e38358ec58f4 |
| 005 | | | 20131007120653.0 |
| 100 | ## | $a | 20130529l1906 k y0rusy50 ca |
| 101 | 0# | $a | rus |
| 102 | ## | $a | RU |
| 105 | ## | $a | y z ||||| |
| 200 | 1# | $a | Листовка. "Граждане! Близится время выборов в Государственную Думу..." (платформа кадетской партии и список секретарей Московской группы). Москва |
| | $j | [1906] |
| 215 | ## | $a | 128 листов |
| 251 | ## | $c | Дело |
| 300 | ## | $a | 64 экземпляра |
| 300 | ## | $a | Заголовок дела на папке отсутствует |
| 300 | ## | $a | Напечатано типографским способом |
| 330 | ## | $a | IV. Предвыборные листовки, афиши, объявления кадетской партии; списки кандидатов в Государственную Думу и Учредительное собрание |
| 461 | #0 | $1 | 0011d649a3b-ccdf-484e-a423-ec64c785c8ed |
| | $1 | 2001 |
| | $a | Партия народной свободы (кадеты) |
| | $1 | 251 |
| | $c | Фонд |
| | $1 | 852 |
| | $j | 523 |
| 462 | #0 | $1 | 0018b9e8422-dd9e-4ea7-b938-3dc971685134 |
| | $1 | 2001 |
| | $a | Партия народной свободы (кадеты). 1905-1917 гг. |
| | $1 | 251 |
| | $c | Опись |
| | $1 | 852 |
| | $j | 2 |
| 601 | 02 | $3 | RU\NLR\AUTH\661232767 |
| | $a | Конституционно-демократическая партия |
| 601 | 01 | $3 | RU\NLR\AUTH\8810039162 |
| | $a | Россия |
| | $b | Государственная Дума |
| 801 | #0 | $a | RU |
| | $b | GA_RF |
| 801 | #1 | $a | RU |
| | $b | НПО Опыт |
| | $c | 20130529 |
| | $2 | rusmarc |
| 801 | #2 | $a | RU |
| | $b | ПБ им. Б.Н. Ельцина |
| | $c | 20131007 |
| | $g | RCR |
| | $2 | rusmarc |
| 852 | ## | $a | ГА РФ |
| | $j | 154 |
| 937 | ## | $d | 38026316 |
| | $h | ПБ |
| 035 | ## | $a | RuPRLIB51000527 |